Estado de flujo de efectivo (Registro nro. 188)

Detalles MARC
000 -LEADER
fixed length control field 01928 a2200217 4500
001 - CONTROL NUMBER
control field 1888
005 - DATE AND TIME OF LATEST TRANSACTION
control field 20260407155419.0
008 - FIXED-LENGTH DATA ELEMENTS--GENERAL INFORMATION
fixed length control field 260407a2007 arg spa d
003 - CONTROL NUMBER IDENTIFIER
control field AR-UNSa-BCEJYS
040 ## - CATALOGING SOURCE
Original cataloging agency AR-UNSa-BCEJYS
Language of cataloging spa
Transcribing agency AR-UNSa-BCEJYS
080 ## - UNIVERSAL DECIMAL CLASSIFICATION NUMBER
Universal Decimal Classification number 657.31
Common auxiliary subdivision Presupuestos. Previsiones. Planes financieros. Estado de flujo de efectivo
020 ## - INTERNATIONAL STANDARD BOOK NUMBER
International Standard Book Number 978-987-01-0712-5
100 1# - MAIN ENTRY--PERSONAL NAME
Personal name Senderovich, Pablo David
245 10 - TITLE STATEMENT
Title Estado de flujo de efectivo
Name of part/section of a work armado e interpretación
264 #1 - PRODUCTION, PUBLICATION, DISTRIBUTION, MANUFACTURE, AND COPYRIGHT NOTICE
Place of production, publication, distribution, manufacture Buenos Aires :
Name of producer, publisher, distributor, manufacturer Errepar
Date of production, publication, distribution, manufacture, or copyright notice 2007
300 ## - PHYSICAL DESCRIPTION
Extent xxx, 447 p.
Dimensions 21 cm.
505 ## - FORMATTED CONTENTS NOTE
Formatted contents note 1. Vigencia para la presentación del estado - 2. Conceptos básicos - 3. Metodología general - 4. Ganancia ordinaria -origen- 5- . Pérdida ordinaria -aplicación- 6. Aumento de la inversión estructural -aplicación- 7. Disminución de la inversión estructural -origen- 8. Aportes de los propietarios -origen- 9. Ingresos de préstamos a largo plazo -origen- 10. Distribución de utilidades -aplicación- 11. Cancelación de préstamos no corrientes - 12. Amortizaciones - 13. Constitución de previsiones - 14. Valor residual de las bajas de bienes de uso - 15. Resultado participación en sociedades artículo 33, ley 19.550 - 16. Desafectación de la reserva por revalúo técnico - 17. Conceptos vinculados al capital de trabajo - 18. Adecuaciones del pasaje del criterio devengado al percibido - 19. esposición por método directo - 20. Tratamiento de intereses e impuestos - 21. Otros aspectos de exposición - 22. Estado de flujo de efectivo consolidado - 23. Caso práctico: resumen básico - 24. Caso práctico: resumen completo - 25. Enfoque simplificado y conceptualización - 26. Estado de flujo de efectivo en moneda homogénea<br/>
590 ## - LOCAL NOTE (RLIN)
Local note niveau_biblio:m niveau_hierar:0
856 41 - ELECTRONIC LOCATION AND ACCESS
Uniform Resource Identifier <a href="https://biblioeco.unsa.edu.ar/pmb/images/libros/Estado de flujo de efectivo2-l118144.jpg.jpg">https://biblioeco.unsa.edu.ar/pmb/images/libros/Estado de flujo de efectivo2-l118144.jpg.jpg</a>
Link text Imagen de portada
Electronic format type image/jpeg
942 ## - ADDED ENTRY ELEMENTS (KOHA)
Koha item type
Existencias
Withdrawn status Lost status Damaged status Not for loan Home library Current library Shelving location Date acquired Total checkouts Full call number Barcode Date last seen Price effective from Koha item type
        Biblioteca Prof. Eusebio Cleto del Rey Biblioteca Prof. Eusebio Cleto del Rey   07/04/2026   657.31 S474 L118144 07/04/2026 07/04/2026 Libro
        Biblioteca Prof. Eusebio Cleto del Rey Biblioteca Prof. Eusebio Cleto del Rey   07/04/2026   657.31 S474 L118147 07/04/2026 07/04/2026 Libro
        Biblioteca Prof. Eusebio Cleto del Rey Biblioteca Prof. Eusebio Cleto del Rey   07/04/2026   657.31 S474 L118146 07/04/2026 07/04/2026 Libro
        Biblioteca Prof. Eusebio Cleto del Rey Biblioteca Prof. Eusebio Cleto del Rey   07/04/2026   657.31 S474 L118145 07/04/2026 07/04/2026 Libro